[Event "Mittelfrank Regionalliga Sud-West 2223"]
[Site "Mittelfranken"]
[Date "2022.10.09"]
[Round "1.8"]
[White "Neipp, Simon"]
[Black "Schmidt, Hans Christoph"]
[Result "0-1"]
[WhiteElo "1546"]
[BlackElo "1953"]
[PlyCount "88"]
[EventDate "2022.10.09"]
[EventType "team-tourn"]
[EventRounds "9"]
[EventCountry "GER"]
[SourceTitle "EXT 2024"]
[Source "ChessBase"]
[SourceDate "2023.10.10"]
[SourceVersion "1"]
[SourceVersionDate "2023.10.10"]
[SourceQuality "1"]
[WhiteTeam "Dillingen"]
[BlackTeam "Haar"]
[WhiteTeamCountry "GER"]
[BlackTeamCountry "GER"]

1. d4 Nf6 2. c4 g6 3. Nc3 Bg7 4. Bf4 0-0 5. Nf3 d6 6. e3 c6 7. Be2 Qb6 8. b3 Qa5 9. Qd2 Nbd7 10. Rc1 e5 11. dxe5 dxe5 12. Bg5 b6 13. e4 Re8 14. 0-0 Nc5 15. Bxf6 Bxf6 16. Qb2 Ne6 17. b4 Qa6 18. b5 Qb7 19. bxc6 Qxc6 20. Nd5 Nc5 21. Nd2 Bg7 22. f3 Bb7 23. Nb3 Bf8 24. Kh1 Rac8 25. Nxc5 Bxc5 26. Qb5 Kg7 27. Rfd1 Bd4 28. Qb4 Qc5 29. a3 Re6 30. Rc2 Bc6 31. Rdc1 Qf8 32. Qxf8+ Kxf8 33. g4 Ba4 34. Rd2 Rec6 35. f4 Bb3 36. Rxd4 exd4 37. Nb4 Rc5 38. Nd3 Rxc4 39. Rb1 Rc3 40. Nb4 Bc2 41. Nxc2 Rxc2 42. Ba6 Rc1+ 43. Rxc1 Rxc1+ 44. Kg2 Ra1 0-1

[Event "Mittelfrank Regionalliga Sud-West 2122"]
[Site "Mittelfranken"]
[Date "2022.05.08"]
[Round "8.8"]
[White "Schmidt, Hans Christoph"]
[Black "Wachtel, Arthur"]
[Result "1-0"]
[WhiteElo "1975"]
[BlackElo "1934"]
[PlyCount "59"]
[EventDate "2021.10.24"]
[EventType "team-tourn"]
[EventRounds "9"]
[EventCountry "GER"]
[SourceTitle "EXT 2024"]
[Source "ChessBase"]
[SourceDate "2023.10.10"]
[SourceVersion "1"]
[SourceVersionDate "2023.10.10"]
[SourceQuality "1"]
[WhiteTeam "Haar"]
[BlackTeam "Augsburg Schachfreunde"]
[WhiteTeamCountry "GER"]
[BlackTeamCountry "GER"]

1. c4 d6 2. g3 g6 3. Bg2 Bg7 4. Nc3 Nf6 5. e4 0-0 6. Nge2 Nbd7 7. 0-0 c5 8. d3 Rb8 9. h3 a6 10. a4 Ne5 11. Be3 Bd7 12. f4 Nc6 13. Kh2 Qc7 14. Qd2 Nb4 15. Rac1 b6 16. b3 Bc6 17. Nd5 Nfxd5 18. cxd5 Nxd3 19. Qxd3 Bd7 20. Bd4 f6 21. Ba1 b5 22. Nd4 bxa4 23. bxa4 Qa5 24. Bc3 Qxa4 25. Ra1 Bb5 26. Nxb5 Qxb5 27. Qc2 Qc4 28. Rfc1 Qb5 29. Rcb1 Qd7 30. Rxa6 1-0

[Event "Mittelfrank Regionalliga Sud-West 2122"]
[Site "Mittelfranken"]
[Date "2022.04.03"]
[Round "7.6"]
[White "Wesely, Wolfgang"]
[Black "Schmidt, Hans Christoph"]
[Result "0-1"]
[WhiteElo "1898"]
[BlackElo "1975"]
[PlyCount "81"]
[EventDate "2021.10.24"]
[EventType "team-tourn"]
[EventRounds "9"]
[EventCountry "GER"]
[SourceTitle "EXT 2024"]
[Source "ChessBase"]
[SourceDate "2023.10.10"]
[SourceVersion "1"]
[SourceVersionDate "2023.10.10"]
[SourceQuality "1"]
[WhiteTeam "Altstadt Roter Turm"]
[BlackTeam "Haar"]
[WhiteTeamCountry "GER"]
[BlackTeamCountry "GER"]

1. e4 d6 2. d4 Nf6 3. Nc3 g6 4. f4 Bg7 5. Nf3 0-0 6. Bc4 c5 7. dxc5 Qa5 8. Qe2 Nxe4 9. Qxe4 Bxc3+ 10. Kf2 Bg7 11. cxd6 exd6 12. Bb3 Nd7 13. Qe7 Nc5 14. Ng5 Nxb3 15. cxb3 Bf5 16. Qxb7 Rac8 17. b4 Qa4 18. Re1 Qc2+ 19. Kg3 Bd4 20. Be3 Bxb2 21. Rad1 Bc3 22. Rh1 h6 23. Nf3 Be4 24. Qe7 Rfe8 25. Qxa7 Ra8 26. Qb6 Rxa2 27. Bf2 Bxb4 28. Rhf1 Bxf3 29. Rc1 Qd2 30. gxf3 Bc5 31. Rxc5 dxc5 32. Qxc5 Rc2 33. Qb5 Re2 34. Qb6 Rc4 35. Qf6 Re6 36. Qh4 g5 37. Qh5 Rxf4 38. Rb1 Rh4 39. Rb8+ Kg7 40. Qxh4 gxh4+ 41. Kh3 0-1

[Event "Regionalliga SW 1617"]
[Site "Bayern"]
[Date "2017.02.19"]
[Round "6.5"]
[White "Schmidt, Hans Christoph"]
[Black "Jermann, Frank"]
[Result "0-1"]
[WhiteElo "2000"]
[BlackElo "1960"]
[PlyCount "122"]
[EventDate "2016.10.16"]
[EventType "team-tourn"]
[EventRounds "9"]
[EventCountry "GER"]
[SourceTitle "EXT 2019"]
[Source "ChessBase"]
[SourceDate "2018.10.10"]
[SourceVersion "1"]
[SourceVersionDate "2018.10.10"]
[SourceQuality "1"]
[WhiteTeam "Haar"]
[BlackTeam "Mering"]
[WhiteTeamCountry "GER"]
[BlackTeamCountry "GER"]

1. c4 e6 2. g3 d5 3. Bg2 Nf6 4. Nf3 c5 5. 0-0 Nc6 6. b3 Be7 7. e3 0-0 8. d4 b6 9. Bb2 Bb7 10. Nc3 Rc8 11. cxd5 exd5 12. Bh3 Rb8 13. Rc1 Ne4 14. dxc5 Nxc3 15. Bxc3 bxc5 16. Qd2 Qd6 17. Qb2 Qh6 18. Bg2 Rfd8 19. Rfd1 Rd7 20. Rd2 Rbd8 21. Rcd1 Bf8 22. Nh4 Qe6 23. Nf3 h6 24. h4 g6 25. Kh2 Kh7 26. Ng1 d4 27. exd4 cxd4 28. Bxd4 Nxd4 29. Bxb7 Rxb7 30. Rxd4 Bg7 31. Nf3 Bxd4 32. Rxd4 Rxd4 33. Qxd4 Rd7 34. Qf4 Rd5 35. Kg2 Rf5 36. Qd2 Qe4 37. Qe3 Qxe3 38. fxe3 Ra5 39. a4 Kg7 40. Nd4 Rc5 41. Kf3 a5 42. Kf4 Kf6 43. g4 g5+ 44. hxg5+ hxg5+ 45. Ke4 Rc3 46. Kf3 Ke5 47. Kf2 Ke4 48. Nf3 f6 49. Nd2+ Kd3 50. Nc4 Rxc4 51. bxc4 Kxc4 52. Kf3 Kb4 53. Ke4 Kxa4 54. Kf5 Kb4 55. Kxf6 a4 56. e4 a3 57. e5 a2 58. e6 a1Q+ 59. Kxg5 Qg7+ 60. Kf5 Kc5 61. g5 Kd6 0-1

[Event "Regionalliga SW 1617"]
[Site "Bayern"]
[Date "2016.11.20"]
[Round "2.7"]
[White "Schmidt, Hans Christoph"]
[Black "Brozio, Jason"]
[Result "0-1"]
[WhiteElo "2000"]
[BlackElo "1823"]
[PlyCount "144"]
[EventDate "2016.10.16"]
[EventType "team-tourn"]
[EventRounds "9"]
[EventCountry "GER"]
[SourceTitle "EXT 2019"]
[Source "ChessBase"]
[SourceDate "2018.10.10"]
[SourceVersion "1"]
[SourceVersionDate "2018.10.10"]
[SourceQuality "1"]
[WhiteTeam "Haar"]
[BlackTeam "Garching III"]
[WhiteTeamCountry "GER"]
[BlackTeamCountry "GER"]

1. c4 Nf6 2. g3 c5 3. Bg2 Nc6 4. Nc3 g6 5. e4 d6 6. Nge2 Ne5 7. d4 cxd4 8. Nxd4 Qa5 9. 0-0 Bg7 10. Nb3 Qc7 11. Nd5 Nxd5 12. cxd5 0-0 13. Be3 b6 14. Rc1 Qd7 15. f4 Ng4 16. Bd4 Bxd4+ 17. Qxd4 Bb7 18. h3 Nf6 19. Rc3 Rac8 20. Rfc1 Rxc3 21. Rxc3 Rc8 22. Rxc8+ Qxc8 23. e5 Nd7 24. Nd2 Qc1+ 25. Kf2 Nc5 26. Qc3 Qxc3 27. bxc3 dxe5 28. fxe5 Nd3+ 29. Ke3 Nxe5 30. Kd4 Nd7 31. Bf3 Kf8 32. Ne4 h6 33. c4 Ke8 34. Nc3 Kd8 35. Nb5 a6 36. Nc3 Nc5 37. Ne4 Nd7 38. Nc3 Nc5 39. Nd1 Kd7 40. Ne3 h5 41. g4 hxg4 42. Nxg4 f6 43. h4 Kd6 44. Ke3 Nd7 45. Kd4 Ne5 46. Nxe5 fxe5+ 47. Kd3 e6 48. Be4 exd5 49. Bxg6 dxc4+ 50. Kxc4 Bd5+ 51. Kb4 Bxa2 52. h5 Ke7 53. h6 Kf6 54. h7 Kg7 55. Be4 Bf7 56. Ka4 Be8+ 57. Kb4 Bd7 58. Kc4 Be6+ 59. Kb4 Bf7 60. Ka4 Be8+ 61. Kb4 a5+ 62. Kc4 Ba4 63. Kd5 b5 64. Kc5 b4 65. Kb6 Bd1 66. Kxa5 b3 67. Kb4 Bc2 68. Bd5 b2 69. Ba2 b1Q+ 70. Bxb1 Bxb1 71. h8Q+ Kxh8 72. Kc4 Kg7 0-1

[Event "Regionalliga SW 1213"]
[Site "Bayern"]
[Date "2012.10.14"]
[Round "1.7"]
[White "Sajka, Mariusz"]
[Black "Schmidt, Hans Christoph"]
[Result "1/2-1/2"]
[WhiteElo "2141"]
[BlackElo "1915"]
[PlyCount "63"]
[EventDate "2012.10.14"]
[EventType "team-tourn"]
[EventRounds "9"]
[EventCountry "GER"]
[SourceTitle "EXT 2015"]
[Source "ChessBase"]
[SourceDate "2014.11.20"]
[SourceVersion "1"]
[SourceVersionDate "2014.11.20"]
[SourceQuality "1"]
[WhiteTeam "Garching II"]
[BlackTeam "Haar"]
[WhiteTeamCountry "GER"]
[BlackTeamCountry "GER"]

1. d4 g6 2. c4 Bg7 3. Nc3 Nf6 4. e4 d6 5. Nf3 0-0 6. Be2 e5 7. 0-0 Nc6 8. d5 Ne7 9. Ne1 c5 10. Nd3 Ne8 11. f4 b6 12. Kh1 f5 13. Qc2 fxe4 14. Nxe4 Nf5 15. fxe5 Nd4 16. Rxf8+ Bxf8 17. Qd1 Qh4 18. Bf3 Nxf3 19. Qxf3 Bf5 20. Nef2 dxe5 21. Nxe5 Bg7 22. d6 Bxe5 23. Qd5+ Kg7 24. Qxe5+ Nf6 25. g3 Qxc4 26. Bg5 Qe6 27. Re1 Qxe5 28. Rxe5 Ng8 29. Kg1 h6 30. Bd2 Kf7 31. g4 Be6 32. b4 1/2-1/2

[Event "Schachschule Erlangen op"]
[Site "Erlangen"]
[Date "1997.??.??"]
[Round "4"]
[White "Holland, Arthur"]
[Black "Schmidt, Hans Christoph"]
[Result "0-1"]
[WhiteElo "1781"]
[BlackElo "1880"]
[PlyCount "52"]
[EventDate "1997.10.31"]
[EventType "swiss"]
[EventRounds "5"]
[EventCountry "GER"]
[SourceTitle "EXT 1999"]
[Source "ChessBase"]
[SourceDate "1998.11.16"]
[SourceVersion "1"]
[SourceVersionDate "1998.11.16"]
[SourceQuality "1"]

1. e4 c6 2. d4 d5 3. Nc3 dxe4 4. Nxe4 Nd7 5. Ng5 Ngf6 6. Bc4 e6 7. Qe2 Nb6 8. Bd3 h6 9. N5f3 Be7 10. Bd2 Nbd5 11. 0-0-0 b5 12. Ne5 Bd7 13. Qf3 Qb6 14. Ne2 0-0 15. g4 c5 16. g5 hxg5 17. Bxg5 Rfd8 18. Rhg1 cxd4 19. Bxf6 Bxf6 20. Bh7+ Kf8 21. Rxg7 Kxg7 22. Qg4+ Kf8 23. Qg8+ Ke7 24. Qxf7+ Kd6 25. Nxd4 Bxe5 26. Nf5+ Kc7 0-1

[Event "Schachschule Erlangen op"]
[Site "Erlangen"]
[Date "1997.??.??"]
[Round "3"]
[White "Schmidt, Hans Christoph"]
[Black "Achatz, Michael"]
[Result "1/2-1/2"]
[WhiteElo "1880"]
[BlackElo "1656"]
[PlyCount "36"]
[EventDate "1997.10.31"]
[EventType "swiss"]
[EventRounds "5"]
[EventCountry "GER"]
[SourceTitle "EXT 1999"]
[Source "ChessBase"]
[SourceDate "1998.11.16"]
[SourceVersion "1"]
[SourceVersionDate "1998.11.16"]
[SourceQuality "1"]

1. d4 Nf6 2. c4 e6 3. Nc3 d5 4. Bg5 Be7 5. Nf3 0-0 6. e3 Nbd7 7. cxd5 exd5 8. Bd3 c6 9. Qc2 g6 10. 0-0 Nh5 11. h4 f5 12. g3 Ndf6 13. Ne5 Ne4 14. Bh6 Re8 15. Nxe4 fxe4 16. Be2 Bf6 17. Bxh5 Bxe5 18. Bg5 Bf6 1/2-1/2